[Event "GBR-ch U1900 op 105th"]
[Site "Hull"]
[Date "2018.08.03"]
[Round "5"]
[White "Stern, Robert C"]
[Black "Bui, Kyan"]
[Result "1-0"]
[WhiteElo "1807"]
[BlackElo "1705"]
[PlyCount "61"]
[EventDate "2018.07.30"]
[EventType "swiss"]
[EventRounds "5"]
[EventCountry "ENG"]
[SourceTitle "EXT 2021"]
[Source "ChessBase"]
[SourceDate "2020.10.23"]
[SourceVersion "1"]
[SourceVersionDate "2020.10.23"]
[SourceQuality "1"]

1. e4 c6 2. d4 d5 3. exd5 cxd5 4. c4 Nf6 5. Nc3 Nc6 6. Bg5 dxc4 7. Bxc4 a6 8. Nf3 b5 9. Bb3 Na5 10. 0-0 Bb7 11. Bc2 e6 12. Re1 Be7 13. Qd3 Nc6 14. a3 Nd5 15. Bxe7 Ncxe7 16. Rad1 Ng6 17. Ne5 Ndf4 18. Qg3 Nxg2 19. d5 Nxe1 20. dxe6 Nf3+ 21. Nxf3 Qf6 22. exf7+ Qxf7 23. Ng5 Qe7 24. Nd5 Bxd5 25. Rxd5 0-0 26. Bxg6 hxg6 27. Qh4 Qe1+ 28. Kg2 Rf7 29. Nxf7 Kxf7 30. Rd7+ Kg8 31. Qd4 1-0

[Event "GBR-ch U1900 op 105th"]
[Site "Hull"]
[Date "2018.07.30"]
[Round "1"]
[White "Stern, Robert C"]
[Black "Horlock, Peter J"]
[Result "1-0"]
[WhiteElo "1807"]
[BlackElo "1619"]
[PlyCount "87"]
[EventDate "2018.07.30"]
[EventType "swiss"]
[EventRounds "5"]
[EventCountry "ENG"]
[SourceTitle "EXT 2021"]
[Source "ChessBase"]
[SourceDate "2020.10.23"]
[SourceVersion "1"]
[SourceVersionDate "2020.10.23"]
[SourceQuality "1"]

1. e4 e5 2. Nf3 Nc6 3. Bc4 Be7 4. 0-0 Nf6 5. d3 0-0 6. Re1 d6 7. a4 b6 8. c3 Na5 9. Ba2 c5 10. Nbd2 Bb7 11. Nf1 Qc7 12. Ng3 Rae8 13. Qe2 d5 14. exd5 Bxd5 15. Bxd5 Nxd5 16. Qxe5 Qc6 17. Qe2 Nb3 18. Ra3 Nxc1 19. Qd2 Nxd3 20. Qxd3 c4 21. Qf5 Bxa3 22. Rxe8 Rxe8 23. bxa3 Nxc3 24. h3 g6 25. Qc2 Nxa4 26. Kh2 b5 27. h4 h5 28. Ng5 Nc5 29. Nxh5 Ne4 30. Nxe4 Qxe4 31. Qxe4 Rxe4 32. Nf6+ Kg7 33. Nxe4 a5 34. Kg3 b4 35. axb4 axb4 36. Kf4 f5 37. Nd2 c3 38. Nb3 Kf6 39. g3 Ke6 40. Ke3 f4+ 41. Ke4 fxg3 42. fxg3 Kd6 43. g4 Kc6 44. h5 1-0

[Event "BCF-ch 103rd U180/2050"]
[Site "Bournemouth"]
[Date "2016.07.27"]
[Round "3"]
[White "Ahluwalia, Amardip"]
[Black "Stern, Robert C"]
[Result "1-0"]
[WhiteElo "1913"]
[BlackElo "1705"]
[PlyCount "77"]
[EventDate "2016.07.25"]
[EventType "swiss"]
[EventRounds "5"]
[EventCountry "ENG"]
[SourceTitle "EXT 2019"]
[Source "ChessBase"]
[SourceDate "2018.10.10"]
[SourceVersion "1"]
[SourceVersionDate "2018.10.10"]
[SourceQuality "1"]

1. e4 e6 2. d4 d5 3. Nc3 Nf6 4. Bg5 Bb4 5. e5 h6 6. Bd2 Bxc3 7. bxc3 Ne4 8. Qg4 g6 9. Bd3 Nxd2 10. Kxd2 c5 11. h4 c4 12. Be2 Nd7 13. Rh3 Nb6 14. Rf3 Bd7 15. Qf4 Qe7 16. Qf6 Qxf6 17. Rxf6 Ke7 18. Nh3 Rac8 19. Rf3 Na4 20. Rg3 Rhg8 21. f4 b5 22. a3 a5 23. Nf2 h5 24. Nh3 Rb8 25. Rb1 Rh8 26. Bf3 Bc6 27. f5 exf5 28. Nf4 Nb6 29. e6 Rhg8 30. Re1 Rbd8 31. exf7+ Kxf7 32. Re6 Rc8 33. Rgxg6 Rxg6 34. Rxg6 b4 35. cxb4 c3+ 36. Ke1 axb4 37. axb4 Nc4 38. Rxc6 Re8+ 39. Kf2 1-0

[Event "BCF-ch U180"]
[Site "Coventry"]
[Date "2015.07.31"]
[Round "5"]
[White "Stern, Robert C"]
[Black "Andrews, Norman G"]
[Result "1-0"]
[WhiteElo "1870"]
[BlackElo "1592"]
[PlyCount "21"]
[EventDate "2015.07.27"]
[EventType "swiss"]
[EventRounds "5"]
[EventCountry "ENG"]
[SourceTitle "EXT 2016"]
[Source "ChessBase"]
[SourceDate "2015.10.08"]
[SourceVersion "1"]
[SourceVersionDate "2015.10.08"]
[SourceQuality "1"]

1. e4 c5 2. Nf3 g6 3. Bc4 Nc6 4. c3 Bg7 5. d4 cxd4 6. cxd4 d6 7. Nc3 Bg4 8. Bxf7+ Kd7 9. d5 Bxc3+ 10. bxc3 Ne5 11. Nxe5+ 1-0

[Event "BCF-ch U180"]
[Site "Coventry"]
[Date "2015.07.30"]
[Round "4"]
[White "Raghavendra, Mahima"]
[Black "Stern, Robert C"]
[Result "0-1"]
[WhiteElo "1413"]
[BlackElo "1870"]
[PlyCount "110"]
[EventDate "2015.07.27"]
[EventType "swiss"]
[EventRounds "5"]
[EventCountry "ENG"]
[SourceTitle "EXT 2016"]
[Source "ChessBase"]
[SourceDate "2015.10.08"]
[SourceVersion "1"]
[SourceVersionDate "2015.10.08"]
[SourceQuality "1"]

1. e4 c5 2. Nc3 e6 3. f4 Nc6 4. Nf3 d5 5. e5 Bd7 6. d4 Nh6 7. Bb5 Nf5 8. Bxc6 Bxc6 9. Ne2 cxd4 10. Nexd4 Nxd4 11. Qxd4 Bb5 12. c3 Be7 13. Qf2 0-0 14. Nd4 Qd7 15. Nxb5 Qxb5 16. Qe2 Qxe2+ 17. Kxe2 Rac8 18. Be3 a6 19. Rad1 Rc4 20. Rd4 Rfc8 21. Rhd1 g6 22. g3 Kf8 23. Rxc4 Rxc4 24. Rd4 Rc6 25. Kd2 Ke8 26. b3 b5 27. a4 Bc5 28. axb5 axb5 29. Rd3 Bxe3+ 30. Kxe3 Ra6 31. Rd4 Kd7 32. b4 Ra1 33. Rd2 Kc6 34. g4 Kb6 35. Kf2 Rh1 36. Kf3 Rf1+ 37. Ke3 Rc1 38. Kd4 Re1 39. Rf2 Rg1 40. g5 Re1 41. Kd3 Re4 42. Rf1 Rc4 43. Rf2 d4 44. cxd4 Rxb4 45. Rc2 Rb3+ 46. Ke4 Kb7 47. d5 Rb4+ 48. Ke3 exd5 49. Rd2 Kc6 50. h4 Rb3+ 51. Kd4 Rb4+ 52. Ke3 Rc4 53. Rd3 b4 54. Rd2 Rc3+ 55. Ke2 Kc5 0-1